000 00424nam a2200181Ia 4500
001 10581
005 20260306161842.0
008 260306t2008||||xx |||||||||||||| ||spa||
041 _aESP
082 _a940.5385
_bC75
100 _aColoma Elías, Guillermo W.
_eAUT
245 0 _aEl valor japones
260 _c2008
300 _a104 páginas :
_c24 cm.
650 _aGEN
654 _aCHU
942 _cLIB
_dJUS
_fJUS
_2ddc
_n
999 _c10581
_d10581